00375nam a2200121Ia 4500008004100000100001900041245003000060245002100090260000900111856004100120999001900161952007300180160531s9999 xx 000 0 und d aMoyer, Curt A. aTime in Quantum Mechanics cby Curt A. Moyer c2013 uhttp://arxiv.org/pdf/1305.5525v1.pdf c295265d295265 001040aCLbCLd2016-05-31l0r2016-05-31 00:00:00w2016-05-31yCBE